[Event "World Chess Olympiad 2018"]
[Site "Batumi"]
[Date "2018.10.04"]
[Round "10"]
[Board "2"]
[WhiteFideId "3900258"]
[White "Ynojosa Aponte Felix Jose"]
[BlackFideId "4000102"]
[Black "Berend Fred"]
[Result "0-1"]
[LiveChessVersion "1.4.8"]
[BlackElo "2358"]
[WhiteElo "2370"]

1. e4 {[%clk 1:30:58]} c5 {[%clk 1:28:57]} 2. c3 {[%clk 1:31:23]} e6
{[%clk 1:28:53]} 3. d4 {[%clk 1:31:49]} d5 {[%clk 1:29:20]} 4. e5
{[%clk 1:31:09]} Nc6 {[%clk 1:29:45]} 5. Nf3 {[%clk 1:31:36]} Qb6
{[%clk 1:30:03]} 6. a3 {[%clk 1:31:07]} Nh6 {[%clk 1:29:01]} 7. b4
{[%clk 1:31:12]} cxd4 {[%clk 1:29:18]} 8. cxd4 {[%clk 1:31:39]} Nf5
{[%clk 1:29:19]} 9. Bb2 {[%clk 1:32:05]} Bd7 {[%clk 1:27:46]} 10. g4
{[%clk 1:31:21]} Nh6 {[%clk 1:22:22]} 11. h3 {[%clk 1:31:44]} Be7
{[%clk 1:22:40]} 12. Nc3 {[%clk 1:29:22]} O-O {[%clk 1:16:58]} 13. Bd3
{[%clk 1:28:47]} f6 {[%clk 1:00:13]} 14. exf6 {[%clk 1:27:22]} Rxf6
{[%clk 1:00:38]} 15. Na4 {[%clk 1:26:10]} Qc7 {[%clk 0:59:48]} 16. g5
{[%clk 1:21:33]} Rxf3 {[%clk 1:00:08]} 17. Qxf3 {[%clk 1:21:43]} Bxg5
{[%clk 0:59:03]} 18. b5 {[%clk 1:14:28]} Qa5+ {[%clk 0:50:34]} 19. Kf1
{[%clk 1:00:06]} Qxa4 {[%clk 0:44:28]} 20. bxc6 {[%clk 1:00:31]} Bxc6
{[%clk 0:43:38]} 21. Rg1 {[%clk 0:59:26]} Rf8 {[%clk 0:29:34]} 22. Qe2
{[%clk 0:59:43]} Bh4 {[%clk 0:23:57]} 23. Qxe6+ {[%clk 0:59:50]} Kh8
{[%clk 0:24:22]} 24. Rg2 {[%clk 0:53:17]} Re8 {[%clk 0:23:31]} 25. Qd6
{[%clk 0:48:37]} Bb5 {[%clk 0:21:42]} 26. Bxb5 {[%clk 0:43:50]} Qxb5+
{[%clk 0:22:07]} 27. Kg1 {[%clk 0:44:19]} Qxb2 {[%clk 0:21:49]} 28. Rd1
{[%clk 0:44:46]} Qc2 {[%clk 0:20:46]} 29. Rf1 {[%clk 0:44:48]} Rd8
{[%clk 0:18:02]} 30. Qb4 {[%clk 0:44:10]} Qc8 {[%clk 0:18:22]} 31. Re1
{[%clk 0:43:31]} Bf6 {[%clk 0:18:19]} 32. Rg3 {[%clk 0:42:33]} Nf5
{[%clk 0:17:46]} 33. Rc3 {[%clk 0:42:51]} Qb8 {[%clk 0:17:41]} 34. Rf3
{[%clk 0:41:23]} g6 {[%clk 0:14:24]} 35. Rd1 {[%clk 0:41:08]} b6 {[%clk 0:14:40]}
36. Qa4 {[%clk 0:38:38]} Qc7 {[%clk 0:13:54]} 37. Rfd3 {[%clk 0:37:34]} Kg7
{[%clk 0:13:30]} 38. Qa6 {[%clk 0:36:49]} Qd7 {[%clk 0:12:52]} 39. a4
{[%clk 0:37:07]} Re8 {[%clk 0:11:00]} 40. Kf1 {[%clk 0:53:28]} Re4
{[%clk 0:39:43]} 41. a5 {[%clk 0:52:30]} Bd8 {[%clk 0:39:27]} 42. Rb1
{[%clk 0:51:23]} Qf7 {[%clk 0:38:40]} 43. Qc8 {[%clk 0:50:57]} Re8
{[%clk 0:37:45]} 44. Qc6 {[%clk 0:47:54]} Re6 {[%clk 0:36:41]} 45. Qa8
{[%clk 0:44:34]} Bh4 {[%clk 0:36:41]} 46. Rb2 {[%clk 0:42:52]} Ne3+
{[%clk 0:34:09]} 47. Kg1 {[%clk 0:43:16]} Nc4 {[%clk 0:34:19]} 48. Ra2
{[%clk 0:42:34]} bxa5 {[%clk 0:32:23]} 49. Rb3 {[%clk 0:42:31]} Rb6
{[%clk 0:28:32]} 50. Rxb6 {[%clk 0:40:02]} axb6 {[%clk 0:28:13]} 0-1

[Event "World Chess Olympiad 2018"]
[Site "Batumi"]
[Date "2018.10.04"]
[Round "10"]
[Board "3"]
[WhiteFideId "4001206"]
[White "Linster Philippe"]
[BlackFideId "3902501"]
[Black "Zavarce Sayago Oscar Enrique"]
[Result "1/2-1/2"]
[LiveChessVersion "1.4.8"]
[BlackElo "2346"]
[WhiteElo "2273"]

1. d4 {[%clk 1:30:58]} Nf6 {[%clk 1:29:52]} 2. c4 {[%clk 1:31:21]} e6
{[%clk 1:29:56]} 3. g3 {[%clk 1:31:46]} c5 {[%clk 1:23:21]} 4. Nf3
{[%clk 1:32:08]} cxd4 {[%clk 1:21:32]} 5. Nxd4 {[%clk 1:32:33]} Bb4+
{[%clk 1:09:13]} 6. Bd2 {[%clk 1:31:49]} Bc5 {[%clk 1:09:27]} 7. Nb3
{[%clk 1:29:41]} Be7 {[%clk 1:08:59]} 8. Bg2 {[%clk 1:25:48]} Nc6
{[%clk 1:09:23]} 9. c5 {[%clk 1:23:06]} b6 {[%clk 0:50:03]} 10. cxb6
{[%clk 1:08:20]} axb6 {[%clk 0:50:04]} 11. Nc3 {[%clk 1:05:52]} d5
{[%clk 0:48:55]} 12. O-O {[%clk 0:54:25]} Ba6 {[%clk 0:38:50]} 13. Rc1
{[%clk 0:46:43]} Rc8 {[%clk 0:31:17]} 14. Bf4 {[%clk 0:42:47]} O-O
{[%clk 0:30:26]} 15. Nd4 {[%clk 0:37:06]} Nxd4 {[%clk 0:10:34]} 16. Qxd4
{[%clk 0:37:34]} Nd7 {[%clk 0:10:14]} 17. Rfd1 {[%clk 0:28:08]} b5
{[%clk 0:06:48]} 18. a3 {[%clk 0:12:41]} Nc5 {[%clk 0:05:58]} 19. Qe3
{[%clk 0:09:58]} Nb3 {[%clk 0:02:57]} 20. Rb1 {[%clk 0:09:07]} Bc5
{[%clk 0:01:51]} 21. Qf3 {[%clk 0:08:46]} Nd4 {[%clk 0:01:38]} 22. Qd3
{[%clk 0:07:39]} Nc6 {[%clk 0:00:33]} 23. b4 {[%clk 0:06:24]} Bd4
{[%clk 0:00:37]} 24. Rbc1 {[%clk 0:05:08]} Qb6 {[%clk 0:00:36]} 25. e3
{[%clk 0:04:42]} Be5 {[%clk 0:00:33]} 26. Ne2 {[%clk 0:02:30]} Bf6
{[%clk 0:00:35]} 27. Bd6 {[%clk 0:01:33]} Ne5 {[%clk 0:00:35]} 28. Bxe5
{[%clk 0:01:54]} Bxe5 {[%clk 0:01:00]} 29. Nd4 {[%clk 0:00:59]} Rc4
{[%clk 0:00:39]} 30. Nb3 {[%clk 0:01:22]} Rfc8 {[%clk 0:00:56]} 31. Nc5
{[%clk 0:01:18]} Bd6 {[%clk 0:00:37]} 32. Nb3 {[%clk 0:00:47]} Be5
{[%clk 0:00:45]} 33. Nc5 {[%clk 0:01:11]} Bd6 {[%clk 0:01:13]} 34. Nb3
{[%clk 0:01:39]} Be7 {[%clk 0:00:35]} 35. Qd2 {[%clk 0:01:38]} Qc7
{[%clk 0:00:39]} 36. Bf1 {[%clk 0:01:22]} Rc3 {[%clk 0:00:34]} 37. Rxc3
{[%clk 0:01:02]} Qxc3 {[%clk 0:01:03]} 38. Qxc3 {[%clk 0:01:23]} Rxc3
{[%clk 0:01:28]} 39. Rd3 {[%clk 0:01:45]} Rc2 {[%clk 0:00:56]} 40. Nd4
{[%clk 0:30:53]} Rc1 {[%clk 0:31:14]} 41. Rd2 {[%clk 0:18:12]} Bf6
{[%clk 0:13:22]} 42. Rc2 {[%clk 0:17:00]} Rxc2 {[%clk 0:13:40]} 43. Nxc2
{[%clk 0:17:29]} Kf8 {[%clk 0:09:36]} 44. Nd4 {[%clk 0:11:14]} Bxd4
{[%clk 0:07:25]} 45. exd4 {[%clk 0:11:43]} Ke7 {[%clk 0:07:43]} 46. Kg2
{[%clk 0:07:50]} Kd6 {[%clk 0:07:51]} 47. Kf3 {[%clk 0:08:17]} f6
{[%clk 0:06:41]} 48. Ke3 {[%clk 0:07:10]} e5 {[%clk 0:04:09]} 49. f3
{[%clk 0:06:10]} Kc6 {[%clk 0:04:19]} 50. Bd3 {[%clk 0:05:47]} h6
{[%clk 0:03:49]} 51. Bf5 {[%clk 0:05:53]} Kd6 {[%clk 0:03:17]} 52. h4
{[%clk 0:04:14]} Bb7 {[%clk 0:03:35]} 53. Bd3 {[%clk 0:02:52]} Bc6
{[%clk 0:04:02]} 54. Bf5 {[%clk 0:01:59]} Be8 {[%clk 0:03:07]} 55. Bc2
{[%clk 0:01:50]} Ke6 {[%clk 0:02:52]} 56. Bd3 {[%clk 0:01:42]} h5
{[%clk 0:00:34]} 57. Be2 {[%clk 0:01:07]} Kd6 {[%clk 0:00:40]} 58. Bf1
{[%clk 0:01:18]} Kc6 {[%clk 0:00:42]} 59. Bd3 {[%clk 0:01:33]} Kd6
{[%clk 0:00:43]} 60. Bf5 {[%clk 0:01:46]} Ke7 {[%clk 0:00:42]} 61. Kd2
{[%clk 0:00:57]} Kd6 {[%clk 0:00:42]} 62. Ke3 {[%clk 0:01:17]} Ke7
{[%clk 0:01:06]} 63. Bd3 {[%clk 0:01:32]} Ke6 {[%clk 0:00:47]} 64. Bf1
{[%clk 0:01:47]} Kd6 {[%clk 0:00:39]} 65. Be2 {[%clk 0:01:59]} Ke6
{[%clk 0:00:38]} 66. Bd3 {[%clk 0:02:19]} Kd6 {[%clk 0:00:41]} 67. Bb1
{[%clk 0:02:21]} Ke6 {[%clk 0:00:40]} 68. Bc2 {[%clk 0:02:41]} Kd6
{[%clk 0:00:40]} 69. Bf5 {[%clk 0:03:04]} Ke7 {[%clk 0:01:00]} 70. Bh3
{[%clk 0:01:43]} Kd6 {[%clk 0:00:37]} 71. Bf1 {[%clk 0:01:59]} Ke6
{[%clk 0:00:51]} 72. Be2 {[%clk 0:02:19]} Kd6 {[%clk 0:00:45]} 73. Bd3
{[%clk 0:02:15]} Ke6 {[%clk 0:01:15]} 74. Be2 {[%clk 0:02:23]} Kd6
{[%clk 0:01:44]} 75. Bf1 {[%clk 0:02:46]} Ke6 {[%clk 0:02:13]} 76. Bh3+
{[%clk 0:03:10]} Kd6 {[%clk 0:02:42]} 77. Bf5 {[%clk 0:02:58]} Ke7
{[%clk 0:00:38]} 78. Kd2 {[%clk 0:02:12]} Kd6 {[%clk 0:00:44]} 79. Ke3
{[%clk 0:02:01]} Ke7 {[%clk 0:00:34]} 80. Bh3 {[%clk 0:02:08]} Kd6
{[%clk 0:00:58]} 81. Bf1 {[%clk 0:02:14]} Ke6 {[%clk 0:01:12]} 82. Be2
{[%clk 0:02:38]} Kd6 {[%clk 0:01:30]} 83. Bd3 {[%clk 0:03:05]} Ke6
{[%clk 0:01:52]} 84. Bb1 {[%clk 0:03:32]} Kd6 {[%clk 0:00:34]} 85. Bc2
{[%clk 0:04:01]} Ke6 {[%clk 0:00:55]} 86. Bd3 {[%clk 0:03:49]} Kd6
{[%clk 0:01:03]} 87. Bf5 {[%clk 0:04:16]} Ke7 {[%clk 0:00:37]} 88. Kd2
{[%clk 0:04:29]} Kd6 {[%clk 0:00:51]} 89. Ke3 {[%clk 0:04:54]} Ke7
{[%clk 0:00:52]} 90. Bc2 {[%clk 0:05:12]} Ke6 {[%clk 0:01:07]} 91. Bd3
{[%clk 0:05:39]} Kd6 {[%clk 0:00:48]} 92. Bf1 {[%clk 0:06:01]} Ke6
{[%clk 0:01:04]} 93. Bh3+ {[%clk 0:06:25]} Kd6 {[%clk 0:01:33]} 94. Bf5
{[%clk 0:06:49]} Ke7 {[%clk 0:02:01]} 95. Bd3 {[%clk 0:06:19]} 1/2-1/2

[Event "World Chess Olympiad 2018"]
[Site "Batumi"]
[Date "2018.10.04"]
[Round "10"]
[Board "4"]
[WhiteFideId "3902480"]
[White "Vivas Zamora Fabian Ernesto"]
[BlackFideId "4000714"]
[Black "Gengler Pierre"]
[Result "1-0"]
[LiveChessVersion "1.4.8"]
[BlackElo "2205"]
[WhiteElo "2363"]

1. e4 {[%clk 1:30:53]} c5 {[%clk 1:30:54]} 2. Nf3 {[%clk 1:31:12]} Nc6
{[%clk 1:31:19]} 3. Bb5 {[%clk 1:31:29]} g6 {[%clk 1:31:45]} 4. Bxc6
{[%clk 1:31:40]} dxc6 {[%clk 1:32:00]} 5. d3 {[%clk 1:31:53]} Bg7
{[%clk 1:31:57]} 6. h3 {[%clk 1:32:10]} e5 {[%clk 1:30:27]} 7. Be3
{[%clk 1:31:34]} Qe7 {[%clk 1:30:46]} 8. Qd2 {[%clk 1:30:52]} h6 {[%clk 1:31:05]}
9. Qc3 {[%clk 1:29:47]} b6 {[%clk 1:28:33]} 10. b4 {[%clk 1:27:57]} f5
{[%clk 1:16:32]} 11. bxc5 {[%clk 1:26:14]} b5 {[%clk 1:15:57]} 12. a4
{[%clk 1:21:17]} Nf6 {[%clk 1:03:23]} 13. axb5 {[%clk 1:15:20]} fxe4
{[%clk 0:46:51]} 14. dxe4 {[%clk 1:14:55]} O-O {[%clk 0:37:11]} 15. bxc6
{[%clk 1:12:49]} Kh7 {[%clk 0:37:09]} 16. Ra4 {[%clk 1:10:31]} Nh5
{[%clk 0:28:25]} 17. Nbd2 {[%clk 1:08:05]} Nf4 {[%clk 0:26:44]} 18. Bxf4
{[%clk 1:06:50]} exf4 {[%clk 0:27:02]} 19. Qa3 {[%clk 1:00:19]} Qc7
{[%clk 0:22:47]} 20. O-O {[%clk 0:59:06]} Qxc6 {[%clk 0:22:49]} 21. Rxa7
{[%clk 0:59:07]} Ba6 {[%clk 0:19:06]} 22. Rxa8 {[%clk 0:48:57]} Rxa8
{[%clk 0:19:28]} 23. Rb1 {[%clk 0:49:04]} Bf8 {[%clk 0:17:28]} 24. Nd4
{[%clk 0:45:48]} Qc8 {[%clk 0:16:57]} 25. N2b3 {[%clk 0:39:22]} Bb7
{[%clk 0:13:45]} 26. Qc1 {[%clk 0:39:19]} f3 {[%clk 0:13:27]} 27. gxf3
{[%clk 0:35:41]} Qxh3 {[%clk 0:13:38]} 28. Qf4 {[%clk 0:32:44]} Bg7
{[%clk 0:13:04]} 29. c6 {[%clk 0:31:55]} Bc8 {[%clk 0:12:22]} 30. Qh2
{[%clk 0:31:21]} Qxh2+ {[%clk 0:11:24]} 31. Kxh2 {[%clk 0:31:49]} Be5+
{[%clk 0:11:45]} 32. Kg2 {[%clk 0:32:07]} Ra4 {[%clk 0:10:46]} 33. c3
{[%clk 0:28:10]} h5 {[%clk 0:09:01]} 34. Ne2 {[%clk 0:19:17]} g5 {[%clk 0:08:49]}
35. Nc5 {[%clk 0:15:18]} Ra2 {[%clk 0:08:38]} 36. Nd7 {[%clk 0:15:12]} Bc7
{[%clk 0:08:12]} 37. Nd4 {[%clk 0:15:19]} Ra6 {[%clk 0:06:49]} 38. Rb5
{[%clk 0:14:32]} Kg6 {[%clk 0:06:09]} 39. Rf5 {[%clk 0:12:29]} h4
{[%clk 0:05:07]} 40. Rf6+ {[%clk 0:41:17]} Kh5 {[%clk 0:32:13]} 41. Nf5
{[%clk 0:40:38]} g4 {[%clk 0:32:27]} 42. Ng7+ {[%clk 0:40:59]} 1-0

[Event "World Chess Olympiad 2018"]
[Site "Batumi"]
[Date "2018.10.04"]
[Round "10"]
[Board "1"]
[WhiteFideId "13002783"]
[White "Wynn Zaw Htun"]
[BlackFideId "7000812"]
[Black "Kojima Shinya"]
[Result "0-1"]
[LiveChessVersion "1.4.8"]
[BlackElo "2408"]
[WhiteElo "2473"]

1. Nf3 {[%clk 1:30:54]} d5 {[%clk 1:30:45]} 2. e3 {[%clk 1:30:48]} Nf6
{[%clk 1:30:35]} 3. c4 {[%clk 1:30:49]} c6 {[%clk 1:30:35]} 4. b3
{[%clk 1:30:36]} Bg4 {[%clk 1:29:20]} 5. Bb2 {[%clk 1:29:11]} e6 {[%clk 1:29:16]}
6. h3 {[%clk 1:28:04]} Bh5 {[%clk 1:27:40]} 7. Be2 {[%clk 1:27:41]} Nbd7
{[%clk 1:27:45]} 8. O-O {[%clk 1:27:09]} Bd6 {[%clk 1:25:00]} 9. d3
{[%clk 1:22:55]} O-O {[%clk 1:24:54]} 10. Nbd2 {[%clk 1:22:01]} Re8
{[%clk 1:22:47]} 11. Re1 {[%clk 1:05:48]} h6 {[%clk 1:16:44]} 12. a3
{[%clk 1:01:32]} a5 {[%clk 1:16:07]} 13. Nd4 {[%clk 0:57:24]} Bg6
{[%clk 1:14:19]} 14. cxd5 {[%clk 0:55:52]} exd5 {[%clk 1:11:08]} 15. N2f3
{[%clk 0:53:12]} Qb6 {[%clk 1:05:31]} 16. Nh4 {[%clk 0:51:14]} Bh7
{[%clk 1:05:25]} 17. Ndf5 {[%clk 0:44:32]} Bf8 {[%clk 1:04:30]} 18. g4
{[%clk 0:24:07]} a4 {[%clk 0:57:12]} 19. b4 {[%clk 0:23:37]} c5 {[%clk 0:56:30]}
20. Bc3 {[%clk 0:17:29]} Qd8 {[%clk 0:46:18]} 21. Rb1 {[%clk 0:11:25]} d4
{[%clk 0:40:33]} 22. Bd2 {[%clk 0:10:32]} Nd5 {[%clk 0:34:20]} 23. Bf3
{[%clk 0:06:24]} Nc3 {[%clk 0:30:08]} 24. Bxc3 {[%clk 0:06:44]} dxc3
{[%clk 0:30:31]} 25. Bxb7 {[%clk 0:04:25]} Ra7 {[%clk 0:30:05]} 26. bxc5
{[%clk 0:04:20]} Nxc5 {[%clk 0:29:33]} 27. Bc6 {[%clk 0:03:51]} Re6
{[%clk 0:28:30]} 28. Bb5 {[%clk 0:02:41]} g6 {[%clk 0:28:16]} 29. Nd4
{[%clk 0:01:48]} Qxh4 {[%clk 0:28:20]} 30. Nxe6 {[%clk 0:02:13]} Nxe6
{[%clk 0:27:50]} 31. Kg2 {[%clk 0:02:03]} h5 {[%clk 0:25:21]} 32. Rc1
{[%clk 0:01:20]} Nc7 {[%clk 0:17:51]} 33. Bxa4 {[%clk 0:00:57]} Bxa3
{[%clk 0:17:42]} 34. Rxc3 {[%clk 0:01:04]} Bb4 {[%clk 0:17:45]} 35. Rc4
{[%clk 0:01:29]} Bxe1 {[%clk 0:12:23]} 36. Qxe1 {[%clk 0:01:57]} hxg4
{[%clk 0:10:48]} 37. hxg4 {[%clk 0:02:05]} Qf6 {[%clk 0:08:32]} 38. Qb4
{[%clk 0:01:15]} Kg7 {[%clk 0:07:50]} 39. Rf4 {[%clk 0:00:42]} Nd5
{[%clk 0:07:00]} 40. Rxf6 {[%clk 0:30:38]} Nxb4 {[%clk 0:37:22]} 41. g5
{[%clk 0:28:57]} Rxa4 {[%clk 0:36:10]} 42. Rf4 {[%clk 0:29:23]} f5
{[%clk 0:34:25]} 43. gxf6+ {[%clk 0:29:31]} Kf7 44. Rd4 {[%clk 0:29:01]} Kxf6
{[%clk 0:34:20]} 45. Kg3 {[%clk 0:28:52]} Bg8 {[%clk 0:34:07]} 46. f4
{[%clk 0:28:13]} Bb3 {[%clk 0:33:39]} 47. Rd6+ {[%clk 0:28:00]} Kf7
{[%clk 0:33:24]} 48. e4 {[%clk 0:26:34]} Bc2 {[%clk 0:33:08]} 49. f5
{[%clk 0:26:42]} gxf5 {[%clk 0:33:30]} 50. exf5 {[%clk 0:26:59]} Nxd3
{[%clk 0:32:45]} 51. Rc6 {[%clk 0:27:08]} Bd1 {[%clk 0:32:02]} 52. Rd6
{[%clk 0:27:25]} Rg4+ {[%clk 0:31:19]} 53. Kh3 {[%clk 0:27:39]} Nf4+
{[%clk 0:29:59]} 54. Kh2 {[%clk 0:28:05]} Rg2+ {[%clk 0:29:43]} 55. Kh1
{[%clk 0:28:30]} Bf3 {[%clk 0:30:01]} 56. Rd7+ {[%clk 0:28:43]} Ke8
{[%clk 0:30:10]} 0-1

[Event "World Chess Olympiad 2018"]
[Site "Batumi"]
[Date "2018.10.04"]
[Round "10"]
[Board "2"]
[WhiteFideId "7000634"]
[White "Nanjo Ryosuke"]
[BlackFideId "13000110"]
[Black "Nay Oo Kyaw Tun"]
[Result "1/2-1/2"]
[LiveChessVersion "1.4.8"]
[BlackElo "2389"]
[WhiteElo "2324"]

1. e4 {[%clk 1:30:57]} e6 {[%clk 1:30:51]} 2. d4 {[%clk 1:31:23]} d5
{[%clk 1:31:14]} 3. Nc3 {[%clk 1:31:50]} Nf6 {[%clk 1:31:22]} 4. e5
{[%clk 1:32:14]} Nfd7 {[%clk 1:31:44]} 5. f4 {[%clk 1:32:40]} c5 {[%clk 1:32:06]}
6. Nf3 {[%clk 1:33:04]} Nc6 {[%clk 1:32:30]} 7. Be3 {[%clk 1:33:27]} a6
{[%clk 1:32:39]} 8. Qd2 {[%clk 1:29:34]} b5 {[%clk 1:32:17]} 9. Nd1
{[%clk 1:28:41]} Qb6 {[%clk 1:25:53]} 10. Be2 {[%clk 1:19:04]} cxd4
{[%clk 1:13:37]} 11. Nxd4 {[%clk 1:19:28]} Nxd4 {[%clk 1:12:26]} 12. Bxd4
{[%clk 1:19:53]} Bc5 {[%clk 1:12:45]} 13. c3 {[%clk 1:18:39]} O-O
{[%clk 1:06:20]} 14. O-O {[%clk 1:15:47]} b4 {[%clk 0:57:21]} 15. Kh1
{[%clk 1:15:44]} Rb8 {[%clk 0:54:00]} 16. Bd3 {[%clk 1:12:46]} g6
{[%clk 0:46:29]} 17. Bc2 {[%clk 1:07:37]} a5 {[%clk 0:37:33]} 18. Rf3
{[%clk 1:01:42]} f5 {[%clk 0:24:08]} 19. exf6 {[%clk 0:49:57]} Bxd4
{[%clk 0:24:12]} 20. cxd4 {[%clk 0:48:42]} Nxf6 {[%clk 0:24:28]} 21. Nf2
{[%clk 0:48:54]} Bd7 {[%clk 0:24:03]} 22. Re1 {[%clk 0:48:23]} Rbc8
{[%clk 0:23:36]} 23. Bb1 {[%clk 0:46:02]} Rc4 {[%clk 0:20:52]} 24. Rd3
{[%clk 0:45:08]} Qd6 {[%clk 0:15:22]} 25. Rf3 {[%clk 0:43:24]} Qb6
{[%clk 0:15:34]} 26. Rd3 {[%clk 0:43:38]} Qd6 {[%clk 0:15:46]} 27. Rf3
{[%clk 0:43:52]} Qb6 {[%clk 0:15:54]} 1/2-1/2

[Event "World Chess Olympiad 2018"]
[Site "Batumi"]
[Date "2018.10.04"]
[Round "10"]
[Board "3"]
[WhiteFideId "13000071"]
[White "Myo Naing"]
[BlackFideId "7000936"]
[Black "Yamada Kohei"]
[Result "1/2-1/2"]
[LiveChessVersion "1.4.8"]
[BlackElo "2128"]
[WhiteElo "2327"]

1. e4 {[%clk 1:30:51]} c5 {[%clk 1:30:56]} 2. Nc3 {[%clk 1:31:06]} a6
{[%clk 1:30:20]} 3. g3 {[%clk 1:31:22]} b5 {[%clk 1:30:40]} 4. Bg2
{[%clk 1:31:35]} Bb7 {[%clk 1:31:02]} 5. d3 {[%clk 1:31:13]} e6 {[%clk 1:29:55]}
6. Nh3 {[%clk 1:30:35]} d6 {[%clk 1:21:42]} 7. O-O {[%clk 1:30:30]} Nd7
{[%clk 1:21:51]} 8. f4 {[%clk 1:29:44]} Ne7 {[%clk 1:05:09]} 9. Bd2
{[%clk 1:28:15]} Qb6 {[%clk 1:04:24]} 10. Kh1 {[%clk 1:28:20]} g6
{[%clk 1:03:35]} 11. Qe2 {[%clk 1:28:33]} Bg7 {[%clk 1:02:03]} 12. Rae1
{[%clk 1:21:38]} O-O {[%clk 0:56:50]} 13. g4 {[%clk 1:19:44]} b4 {[%clk 0:52:49]}
14. Nd1 {[%clk 1:17:35]} Rae8 {[%clk 0:51:06]} 15. Qf2 {[%clk 1:17:19]} Nc6
{[%clk 0:45:11]} 16. f5 {[%clk 1:15:18]} Nce5 {[%clk 0:39:13]} 17. Ne3
{[%clk 1:08:13]} Qd8 {[%clk 0:33:18]} 18. g5 {[%clk 1:06:02]} f6 {[%clk 0:28:42]}
19. Qg3 {[%clk 1:05:45]} exf5 {[%clk 0:24:29]} 20. exf5 {[%clk 1:05:56]} Qa8
{[%clk 0:24:30]} 21. Bxb7 {[%clk 1:00:22]} Qxb7+ {[%clk 0:24:53]} 22. Qg2
{[%clk 1:00:38]} Qxg2+ {[%clk 0:23:56]} 23. Kxg2 {[%clk 1:01:01]} Nb6
{[%clk 0:21:59]} 24. Nf4 {[%clk 0:53:23]} fxg5 {[%clk 0:20:17]} 25. Ne6
{[%clk 0:53:35]} Rf6 {[%clk 0:19:49]} 26. Nc7 {[%clk 0:53:54]} Ref8
{[%clk 0:17:24]} 27. Ncd5 {[%clk 0:49:51]} Nxd5 {[%clk 0:17:45]} 28. Nxd5
{[%clk 0:50:14]} R6f7 {[%clk 0:17:14]} 29. Bxg5 {[%clk 0:49:23]} gxf5
{[%clk 0:15:39]} 30. Be7 {[%clk 0:48:20]} Rc8 {[%clk 0:14:46]} 31. Bxd6
{[%clk 0:48:16]} Ng6 {[%clk 0:14:56]} 32. Ne7+ {[%clk 0:46:53]} Nxe7
{[%clk 0:13:52]} 33. Rxe7 {[%clk 0:47:22]} Bxb2 {[%clk 0:13:48]} 34. Rxf7
{[%clk 0:47:29]} Kxf7 {[%clk 0:14:16]} 35. Rxf5+ {[%clk 0:47:47]} Kg6
{[%clk 0:06:43]} 36. Rxc5 {[%clk 0:48:11]} Re8 {[%clk 0:06:20]} 37. Bf4
{[%clk 0:47:55]} Bc3 {[%clk 0:06:22]} 38. Kf3 {[%clk 0:46:53]} Re1
{[%clk 0:06:23]} 39. Ra5 {[%clk 0:46:08]} Re6 {[%clk 0:06:34]} 40. h4
{[%clk 1:15:42]} Rc6 {[%clk 0:33:56]} 41. Rd5 {[%clk 1:15:40]} Rf6
{[%clk 0:29:00]} 42. h5+ {[%clk 1:14:59]} Kf7 {[%clk 0:28:59]} 43. Kg4
{[%clk 1:14:24]} Re6 {[%clk 0:28:16]} 44. Rd7+ {[%clk 1:13:33]} Kg8
{[%clk 0:28:21]} 45. Rd6 {[%clk 1:12:12]} Re2 {[%clk 0:27:19]} 46. Rxa6
{[%clk 1:11:57]} Rxc2 {[%clk 0:25:21]} 47. Kf3 {[%clk 1:11:04]} Rb2
{[%clk 0:23:10]} 48. Ke4 {[%clk 1:10:16]} Re2+ {[%clk 0:18:13]} 49. Kf5
{[%clk 1:09:17]} Rf2 {[%clk 0:17:35]} 50. Ra8+ {[%clk 1:06:14]} Kf7
{[%clk 0:17:45]} 51. Ra7+ {[%clk 1:06:15]} Kg8 {[%clk 0:18:10]} 52. Ke4
{[%clk 1:06:18]} Re2+ {[%clk 0:12:15]} 53. Kf3 {[%clk 1:06:28]} Rb2
{[%clk 0:11:13]} 54. h6 {[%clk 1:06:12]} b3 {[%clk 0:10:51]} 55. axb3
{[%clk 1:06:25]} Rxb3 {[%clk 0:11:19]} 56. Be3 {[%clk 1:06:34]} Rb4
{[%clk 0:10:18]} 57. Rd7 {[%clk 1:06:56]} Bf6 {[%clk 0:07:27]} 58. d4
{[%clk 1:07:12]} Rb8 {[%clk 0:07:52]} 59. Bf4 {[%clk 1:07:18]} Rd8
{[%clk 0:06:06]} 60. Rxd8+ {[%clk 1:06:48]} Bxd8 {[%clk 0:06:35]} 61. Ke4
{[%clk 1:06:16]} Be7 {[%clk 0:06:17]} 62. Kd5 {[%clk 1:05:48]} Kf7
{[%clk 0:06:36]} 63. Kc6 {[%clk 1:06:08]} Bf8 {[%clk 0:05:45]} 64. d5
{[%clk 1:06:23]} Be7 {[%clk 0:06:01]} 65. Kc7 {[%clk 1:06:39]} Bf8
{[%clk 0:06:08]} 66. d6 {[%clk 1:06:57]} Bxd6+ {[%clk 0:06:18]} 67. Kxd6
{[%clk 1:06:22]} Kg8 {[%clk 0:06:39]} 68. Ke7 {[%clk 1:05:37]} Kh8
{[%clk 0:07:03]} 1/2-1/2

[Event "World Chess Olympiad 2018"]
[Site "Batumi"]
[Date "2018.10.04"]
[Round "10"]
[Board "4"]
[WhiteFideId "7000197"]
[White "Matsuo Tomohiko"]
[BlackFideId "13003100"]
[Black "Win Tun"]
[Result "1-0"]
[LiveChessVersion "1.4.8"]
[BlackElo "2235"]
[WhiteElo "2170"]

1. e4 {[%clk 1:30:56]} e5 {[%clk 1:30:55]} 2. Nf3 {[%clk 1:31:16]} Nf6
{[%clk 1:31:20]} 3. Nxe5 {[%clk 1:31:32]} d6 {[%clk 1:31:45]} 4. Nf3
{[%clk 1:31:54]} Nxe4 {[%clk 1:32:09]} 5. Nc3 {[%clk 1:32:12]} Nxc3
{[%clk 1:30:38]} 6. dxc3 {[%clk 1:32:35]} Be7 {[%clk 1:31:03]} 7. Be3
{[%clk 1:32:52]} Nc6 {[%clk 1:31:11]} 8. Qd2 {[%clk 1:33:12]} Be6
{[%clk 1:31:00]} 9. O-O-O {[%clk 1:33:15]} Qd7 {[%clk 1:31:23]} 10. Kb1
{[%clk 1:33:29]} h6 {[%clk 1:28:17]} 11. Be2 {[%clk 1:32:55]} Bf6
{[%clk 1:27:39]} 12. Nd4 {[%clk 1:25:18]} Nxd4 {[%clk 1:19:21]} 13. cxd4
{[%clk 1:23:49]} d5 {[%clk 1:06:27]} 14. h3 {[%clk 1:21:39]} O-O-O
{[%clk 1:06:36]} 15. g4 {[%clk 1:21:32]} g5 {[%clk 0:57:09]} 16. f4
{[%clk 1:20:34]} Qe7 {[%clk 0:53:52]} 17. Rde1 {[%clk 0:57:50]} Rde8
{[%clk 0:42:59]} 18. Bf3 {[%clk 0:48:50]} Qd6 {[%clk 0:29:39]} 19. Rhf1
{[%clk 0:24:11]} Rhg8 {[%clk 0:19:41]} 20. Bg2 {[%clk 0:18:05]} gxf4
{[%clk 0:14:48]} 21. Bxf4 {[%clk 0:18:23]} Bg5 {[%clk 0:14:58]} 22. Re5
{[%clk 0:15:22]} Bxf4 {[%clk 0:10:33]} 23. Qxf4 {[%clk 0:15:46]} Rg5
{[%clk 0:08:38]} 24. Rfe1 {[%clk 0:10:58]} Reg8 {[%clk 0:08:19]} 25. Qf6
{[%clk 0:09:09]} R5g6 {[%clk 0:05:21]} 26. Qf2 {[%clk 0:09:11]} c6
{[%clk 0:05:10]} 27. a3 {[%clk 0:08:07]} Qd8 {[%clk 0:03:45]} 28. Rh5
{[%clk 0:07:48]} f5 {[%clk 0:03:26]} 29. Bf3 {[%clk 0:04:30]} fxg4
{[%clk 0:02:05]} 30. Bxg4 {[%clk 0:04:49]} Bxg4 {[%clk 0:02:14]} 31. hxg4
{[%clk 0:05:15]} Rxg4 {[%clk 0:01:17]} 32. Rxh6 {[%clk 0:05:27]} Qg5
{[%clk 0:01:03]} 33. Rh7 {[%clk 0:03:44]} 1-0